Using Aspen Plus in thermodynamics Instruction : (Record no. 233079)
[ view plain ]
| 000 -CABECERA | |
|---|---|
| campo de control de longitud fija | 02618nam a2200325 a 4500 |
| 003 - IDENTIFICADOR DEL NÚMERO DE CONTROL | |
| campo de control | CHAP |
| 005 - FECHA Y HORA DE LA ÚLTIMA TRANSACCIÓN | |
| campo de control | 20251003173048.0 |
| 007 - CAMPO FIJO DE DESCRIPCIÓN FÍSICA--INFORMACIÓN GENERAL | |
| campo de control de longitud fija | ta |
| 008 - DATOS DE LONGITUD FIJA--INFORMACIÓN GENERAL | |
| campo de control de longitud fija | 251003s2015 -usd|||frm||| 001 0 spa d |
| 020 ## - NÚMERO INTERNACIONAL ESTÁNDAR DEL LIBRO | |
| Número Internacional Estándar del Libro | 978-1-118-99691-1 |
| 040 ## - FUENTE DE LA CATALOGACIÓN | |
| Centro catalogador/agencia de origen | mxchpua |
| Centro/agencia transcriptor | CHAP |
| Normas de descripción | rda |
| 041 ## - CÓDIGO DE LENGUA | |
| Código de lengua del texto/banda sonora o título independiente | eng |
| Código de lengua del sumario o resumen | eng |
| Código de lengua de la tabla de contenido | eng |
| Código de lengua original | eng |
| 050 10 - SIGNATURA TOPOGRÁFICA DE LA BIBLIOTECA DEL CONGRESO | |
| Número de clasificación | TP155.7 |
| Número de documento/Ítem | .S26 2015 |
| 082 00 - NÚMERO DE LA CLASIFICACIÓN DECIMAL DEWEY | |
| Número de edición | 20 |
| Número de clasificación | 660.284 |
| Número de documento/Ítem | S26 2015 |
| 100 0# - ENTRADA PRINCIPAL--NOMBRE DE PERSONA | |
| Nombre de persona | Sandler, Stanley I. |
| 9 (RLIN) | 102052 |
| 245 10 - MENCIÓN DE TÍTULO | |
| Título | Using Aspen Plus in thermodynamics Instruction : |
| Resto del título | a step-by-step guide |
| Mención de responsabilidad, etc. | Stanley I. Sandler |
| 250 ## - MENCIÓN DE EDICIÓN | |
| Mención de edición | 1a edición |
| 264 ## - PRODUCCIÓN, PUBLICACIÓN, DISTRIBUCIÓN, FABRICACIÓN Y COPYRIGHT | |
| Producción, publicación, distribución, fabricación y copyright | Hoboken, NJ, USA : |
| Nombre del de productor, editor, distribuidor, fabricante | John Wiley & Sons, |
| Fecha de producción, publicación, distribución, fabricación o copyright | 2015 |
| 300 ## - DESCRIPCIÓN FÍSICA | |
| Extensión | xi, 343 páginas : |
| Otras características físicas | ilustraciones, gráficas, tablas |
| 336 ## - TIPO DE CONTENIDO | |
| Fuente | rdacontent |
| Término de tipo de contenido | texto |
| Código de tipo de contenido | txt |
| 337 ## - TIPO DE MEDIO | |
| Fuente | rdamedia |
| Nombre/término del tipo de medio | sin medio |
| Código del tipo de medio | n |
| 338 ## - TIPO DE SOPORTE | |
| Fuente | rdacarrier |
| Nombre/término del tipo de soporte | volumen |
| Código del tipo de soporte | nc |
| 505 ## - NOTA DE CONTENIDO CON FORMATO | |
| Nota de contenido con formato | 1. Getting Started with Aspen Plus® --<br/>2. Two Simple Simulations --<br/>3. Pure Component Property Analysis --<br/>4. The NIST ThermoData Engine (TDE) --<br/>5. Vapor–Liquid Equilibrium Calculations Using Activity Coefficient Models --<br/>6. Vapor–Liquid Equilibrium Calculations Using an Equation of State --<br/>7. Regression of Liquid–Liquid Equilibrium (LLE) Data and Vapor–Liquid–Liquid Equilibrium (VLLE) and Predictions --<br/>8. The Property Methods Assistant and Property Estimation --<br/>9. Chemical Reaction Equilibrium in Aspen Plus® --<br/>10. Shortcut Distillation Calculations --<br/>11. A Rigorous Distillation Calculation: RadFrac --<br/>12. Liquid–Liquid Extraction --<br/>13. Sensitivity Analysis: A Tool for Repetitive Calculations --<br/>14. Electrolyte Solutions --<br/>Index |
| 520 3# - SUMARIO, ETC. | |
| Sumario, etc. | A step-by-step guide for students (and faculty) on the use of Aspen in teaching thermodynamics:<br/>Easily-accessible modern computational techniques opening up new vistas in teaching thermodynamics<br/>A range of applications of Aspen Plus in the prediction and calculation of thermodynamic properties and phase behavior using the state-of-the art methods<br/>Encourages students to develop engineering insight by doing repetitive calculations with changes in parameters and/or models<br/>Calculations and application examples in a step-by-step manner designed for out-of-classroom self-study<br/>Makes it possible to easily integrate Aspen Plus into thermodynamics courses without using in-class time<br/>Stresses the application of thermodynamics to real problems |
| 650 13 - PUNTO DE ACCESO ADICIONAL DE MATERIA--TÉRMINO DE MATERIA | |
| Término de materia o nombre geográfico como elemento de entrada | Termodinámica |
| Subdivisión general | Procesamiento de datos |
| Fuente del encabezamiento o término | atg |
| 9 (RLIN) | 151322 |
| 650 13 - PUNTO DE ACCESO ADICIONAL DE MATERIA--TÉRMINO DE MATERIA | |
| Término de materia o nombre geográfico como elemento de entrada | Aspen Plus |
| Subdivisión general | Programas de computadores |
| Fuente del encabezamiento o término | atg |
| 9 (RLIN) | 191340 |
| 650 13 - PUNTO DE ACCESO ADICIONAL DE MATERIA--TÉRMINO DE MATERIA | |
| Término de materia o nombre geográfico como elemento de entrada | Thermodynamics |
| Subdivisión general | Data processing |
| Fuente del encabezamiento o término | atg |
| 9 (RLIN) | 151323 |
| 650 13 - PUNTO DE ACCESO ADICIONAL DE MATERIA--TÉRMINO DE MATERIA | |
| Término de materia o nombre geográfico como elemento de entrada | Aspen Plus |
| Subdivisión general | Computer software |
| Fuente del encabezamiento o término | atg |
| 9 (RLIN) | 191341 |
| 942 ## - ELEMENTOS DE PUNTO DE ACCESO ADICIONAL (KOHA) | |
| Fuente del sistema de clasificación o colocación | Dewey Decimal Classification |
| Tipo de ítem Koha | Libro |
| Estado de retiro | Estado de pérdida | Fuente del sistema de clasificación o colocación | Estado dañado | Restricciones de uso | No para préstamo | Código de colección | Localización permanente | Ubicación/localización actual | Fecha de adquisición | Fuente de adquisición | Número de inventario | Total de préstamos | Signatura topográfica completa | Código de barras | Fecha visto por última vez | Número de copia | Precio válido a partir de | Tipo de ítem Koha |
|---|---|---|---|---|---|---|---|---|---|---|---|---|---|---|---|---|---|---|
| Clasificación Universidad Autónoma de Chapingo | Préstamo interno | General | Ingenieria Agroindustrial | Ingenieria Agroindustrial | 26/09/2025 | Compra Librería UACh F. | C/e | 660.284 S26 2015 | 1102016063 | 03/10/2025 | Ej. 1 | 03/10/2025 | Libro | |||||
| Clasificación Universidad Autónoma de Chapingo | Préstamo 5 días | General | Ingenieria Agroindustrial | Ingenieria Agroindustrial | 26/09/2025 | Compra Librería UACh F. | C/e | 660.284 S26 2015 | 1102016064 | 03/10/2025 | Ej. 2 | 03/10/2025 | Libro | |||||
| Clasificación Universidad Autónoma de Chapingo | Préstamo 5 días | General | Ingenieria Agroindustrial | Ingenieria Agroindustrial | 26/09/2025 | Compra Librería UACh F. | C/e | 660.284 S26 2015 | 1102016065 | 03/10/2025 | Ej. 3 | 03/10/2025 | Libro |
